00859nam a2200193 450000500170000000800410001702000180005804100120007608200150008810000150010324500860011825000080020426000270021230000080023936500190024752003710026665000110063770000170064820260217160713.0260203b |||||||| |||| 00| 0 eng d a9780080982052 aEnglish a745.4bASH aAshby Mike aMaterials and Design: The Art and Science of Material Selection in Product Design a3rd aLondonbElsevierc2014 a389 b3936.07cRs.00 aCHAPTER 1. Introduction CHAPTER 2 What Influences Product Design? CHAPTER 3 Materiality, Design, and Creativity CHAPTER 4 Materials: The Stuff That Surrounds Us CHAPTER 5 Manufacturing: Shaping, Joining, and Surfaces CHAPTER 6 Form Follows Material CHAPTER 7. Material Selection CHAPTER 8 Materials and Sustainability CHAPTER 9 New Materials CHAPTER 10 Conclusions  aDesign aJohnson Kara